2006 Commemorative Euro Coins Quiz - Statistics

General Stats
  • This quiz has been taken 15 times
  • The average score is 6 of 7
Answer Stats
Picture Answer % Correct
Germany
100%
Italy
100%
Luxembourg
100%
Vatican City
100%
Belgium
91%
San Marino
91%
Finland
55%
No matching quizzes found
Score Distribution
Percent of People with Each Score
Percentile by Number Answered
Your Score History
You have not taken this quiz